000 00780nam a22002297a 4500
003 MN-UlNLM
005 20260303151817.0
008 260303b mp ||||| |||| 00| 0 mon d
020 _a9789965209468
040 _aБаян-Өлгий аймгийн төв ном
_bkaz
_cMN-UlNLM
_dMN-UlNLM
_erda
084 _2NNA
_a84(5Каз)
_bБ31
_q84
100 _aЕрболат, Б.
_q(Ерболат Баятұлы)
245 1 _aУақыт бедері
264 _aАлматы :
_bЖК "Әрекет-принт"
_c2017.
300 _a203 хуудастай :
_c20 см
336 _2rdaconnect
_atext
_btxt
337 _2rdamedia
_aunmediated
_bn
338 _2rdacarrier
_avolume
_bnc
500 _aУақыт бедері
740 _aуақыт бедері
942 _2NNA
_cBK
999 _c1156128
_d1156185